00334nam a22001097a 4500008004100000050002200041245005800063260004900121300002000170500002200190650001200212170322b xxu||||| |||| 00| 0 eng d aQ 185.5 .E97 2013 aExperimental investigations in introductory physics / aThunder bay :bLakehead university ,c2013 . a100p. :bill. ; aincludes appendix 2physics